| 000 | 01108nam0a2200325 4500 | ||
|---|---|---|---|
| 001 | RU\NLR\BIBL_A\012588551 | ||
| 005 | 20221206120602.0 | ||
| 010 | _a978-5-4498-8072-7 | ||
| 021 |
_aRU _bКН-П-21-029112 _9КН-П-21-2259 |
||
| 035 | _a(NLR Aleph) 012588551 | ||
| 090 |
_a12544783 _c12544783 |
||
| 100 | _a20210901d2021 u y0rusy50 ca | ||
| 101 | 0 | _arus | |
| 102 | _aRU | ||
| 105 | _ay|||z|||000ay | ||
| 181 | 0 |
_ai _baxxe |
|
| 182 | 0 | _an | |
| 200 | 1 |
_aДочки-матери, или История в одной больнице _fСия Руба |
|
| 203 |
_aТекст _bвизуальный _cнепосредственный |
||
| 210 |
_a[Б. м.] _cИздательские решения _d2021 |
||
| 215 |
_a109 с. _d21 |
||
| 517 | 1 | _aИли история в одной больнице | |
| 686 | 2 | _aШ6(2=Р)8-440.4 | |
| 700 | 0 |
_7ca _8rus _aСия Руба _cпсевдоним _f1997- _9236077 _3RU\NLR\AUTH\770236133 |
|
| 942 | _cBOOK | ||
| 980 | _aNB | ||